LoL Qui Rit Sort - Saison 4 - Spécial Halloween - Statistiques

Statistiques générales
  • Ce quiz a été pris 75 fois
  • Le résultat moyen est 5 sur 8
Statistiques - réponses
Statut Indice Participants % Correct
Gagnante Saison 2, Humoriste, Chanteuse Camille Lellouche
96%
6e Saison 2, Acteur Gérard Darmon
81%
4e Saison 2, Actrice Audrey Fleurot
73%
7e Saison 2, Acteur, Humoriste Ahmed Sylla
67%
Gagnant Saison 1, Humoriste, Acteur Kyan Khojandi
60%
3e Saison 1, Acteur, Humoriste Hakim Jemili
52%
5e Saison 1, Actrice, Humoriste Fadily Camara
51%
8e Saison 1, Actrice, Humoriste Bérengère Krief
46%
Aucun quiz correspondant
Distribution des résultats
% des personnes avec chaque résultat
Percentile par nombre de réponses
Votre historique - résultats
Vous n’avez pas pris ce quiz